000 00853nam a2200289Ia 4500
008 181129s9999 xx 000 0 und d
020 _a9789715697163
050 _bT161 2011
100 _aTan, Bienvenido A.
245 0 _aMy role model /
245 0 _cby Bienvenido A. Tan, Jr. ; illustrated by Jerome Jacinto.
260 _aMakati, Philippines :
260 _bBookmark,
260 _c2011
300 _aunpaged :
300 _bcolor illustrations ;
300 _c25cm.
440 _aModern heroes for the Filipino youth.
650 _aPhilippine literature for kids.
650 _aPhilippines -- History --
650 _aPrisoners of war -- Philippines, 1942.
650 _aTan, Vidal Lorenzo, 1920-1946.
650 _xJapanese occupation, 1942-1945.
700 _aJacinto, Jerome.
700 _aSeries.
700 _aTitle.
999 _c360204
_d360204